Les signes astrologiques en 30 secondes - Statistiques

Statistiques générales
  • Ce quiz a été pris 730 fois
  • Le résultat moyen est 6 sur 12
Statistiques - réponses
Réponse % Correct
Capricorne
63%
Lion
61%
Vierge
59%
Balance
58%
Cancer
56%
Bélier
53%
Taureau
53%
Sagittaire
52%
Scorpion
52%
Verseau
51%
Gémeaux
47%
Poissons
28%
Aucun quiz correspondant
Distribution des résultats
% des personnes avec chaque résultat
Percentile par nombre de réponses
Votre historique - résultats
Vous n’avez pas pris ce quiz